| 000 | 00402nam a2200181Ia 4500 | ||
|---|---|---|---|
| 003 | 0STCL | ||
| 008 | 150530s9999 xx 000 0 und d | ||
| 040 |
_aSTCL _cSTCL |
||
| 100 | _aSharma, O.P. | ||
| 245 | _aPlant Taxonomy | ||
| 250 | _a2 | ||
| 260 |
_bTata Mccgraw hill; Delhi _c2011 _aDelhi |
||
| 300 | _a0 | ||
| 546 | _aEnglish | ||
| 942 |
_2ddc _cBK |
||
| 999 |
_c35643 _d35643 |
||
| 005 | 20220125170350.0 | ||